| 000 | 02712cam a22003614a 4500 | ||
|---|---|---|---|
| 999 |
_c531467 _d531467 |
||
| 001 | 16607966 | ||
| 003 | NUST | ||
| 005 | 20191017105635.0 | ||
| 008 | 110112s2011 ne ab b 001 0 eng | ||
| 010 | _a 2010052637 | ||
| 020 | _a9780415413527 (hardback) | ||
| 020 | _a0415413524 (hardback) | ||
| 035 | _a(OCoLC)ocn696772949 | ||
| 038 | _aMSOHAIL | ||
| 040 |
_aDLC _cDLC _dYDX _dYDXCP _dBWX _dCDX _dTTU _dSTF _dDLC |
||
| 041 | 1 |
_aeng _hspa |
|
| 042 | _apcc | ||
| 050 | 0 | 0 |
_aTA705 _b.G617 2011 |
| 082 | 0 | 0 |
_a624.151 _222 |
| 084 |
_aTEC009110 _aTEC009150 _aSCI031000 _2bisacsh |
||
| 100 | 1 |
_aGonzález de Vallejo, Luis I. _924198 |
|
| 245 | 1 | 0 |
_aGeological engineering / _cLuis I. González de Vallejo, Mercedes Ferrer ; with a foreword by M.H. de Freitas. |
| 260 |
_aLeiden, The Netherlands : _bCRC Press/Balkema, _cc2011. |
||
| 300 |
_axiv, 678 p. : _bcol. ill., maps ; _c29 cm. |
||
| 504 | _aIncludes bibliographical references and index. | ||
| 520 | _a"Interpreting a geological setting for the purposes of engineering design and construction requires knowledge of geological engineering and engineering geology, leading to integrated engineering solutions which take into account both ground conditions and environment. This textbook, extensively illustrated, covers the subject area of geological engineering in four sections: 1. Fundamentals: soil mechanics, rock mechanics and hydrogeology; 2. Methods: site investigations, rock mass characterization and engineering geology mapping; 3. Applications: foundations, slope stability, tunnelling, dams, reservoirs and earth works, and 4. Geohazards: landslides, earthquake hazards and prevention and mitigation of geological hazards. The book can serve as a basic reference work for practising engineering geologists, geological and geotechnical engineers, geologists, civil and mining engineers and those professionals involved in design and construction of foundations, tunneling, earth works and excavations for infrastructures, buildings, mining operations, etc. As a textbook it develops an extensive teaching programme of geological engineering and is designed for undergraduate and postgraduate students and academics. Covering basic concepts up to the newest methodologies and procedures used in geological engineering. The book is illustrated with many educational working examples and graphical materials"--Provided by publisher. | ||
| 546 | _aTranslated from the spanish. | ||
| 650 | 0 |
_aEngineering geology. _921221 |
|
| 700 | 1 |
_aFerrer, Mercedes. _924199 |
|
| 906 |
_a7 _bcbc _corignew _d1 _eecip _f20 _gy-gencatlg |
||
| 942 |
_2ddc _cBK |
||